| 000 -LEADER |
| fixed length control field |
00760cam a2200241 a 4500 |
| 001 - CONTROL NUMBER |
| control field |
3435849 |
| 005 - DATE AND TIME OF LATEST TRANSACTION |
| control field |
20180109091944.0 |
| 008 - FIXED-LENGTH DATA ELEMENTS--GENERAL INFORMATION |
| fixed length control field |
910621s1992 mauab b 001 0 eng |
| 010 ## - LIBRARY OF CONGRESS CONTROL NUMBER |
| LC control number |
91073466 |
| 020 ## - INTERNATIONAL STANDARD BOOK NUMBER |
| International Standard Book Number |
0669244597 |
| 040 ## - CATALOGING SOURCE |
| Original cataloging agency |
DLC |
| Transcribing agency |
DLC |
| 041 ## - LANGUAGE CODE |
| Language code of text/sound track or separate title |
eng |
| 043 ## - GEOGRAPHIC AREA CODE |
| Geographic area code |
e-uk--- |
| 080 ## - UNIVERSAL DECIMAL CLASSIFICATION NUMBER |
| Universal Decimal Classification number |
941 |
| 082 00 - DEWEY DECIMAL CLASSIFICATION NUMBER |
| Classification number |
941 WIL |
| -- |
942.07 |
| Edition number |
20 |
| 100 1# - Rafti |
| Rafti |
16 |
| 101 ## - Shkurtesa |
| Shkurtesa |
HIS |
| 245 14 - TITLE STATEMENT |
| Title |
The age of aristocracy, 1688-1830 / |
| Statement of responsibility, etc |
William B. Willcox, Walter L. Arnstein. |
| 504 ## - BIBLIOGRAPHY, ETC. NOTE |
| Bibliography, etc |
Includes bibliographical references (p. 323-336) and index. |
| 906 ## - LOCAL DATA ELEMENT F, LDF (RLIN) |
| a |
7 |
| b |
cbc |
| c |
orignew |
| d |
2 |
| e |
opcn |
| f |
19 |
| g |
y-gencatlg |
| 942 ## - ADDED ENTRY ELEMENTS (KOHA) |
| Source of classification or shelving scheme |
|
| Item type |
Books |